Fr. Conceicao Rodrigues College of Engineering

Discrete stochastic processing and optimal filtering (Record no. 29651)

MARC details
000 -LEADER
fixed length control field 00383nam a2200157Ia 4500
082 ## - DEWEY DECIMAL CLASSIFICATION NUMBER
Classification number 621.3822
Item number BER
100 ## - MAIN ENTRY--PERSONAL NAME
Personal name Bertein/Jean-Claude
245 ## - TITLE STATEMENT
Title Discrete stochastic processing and optimal filtering
260 ## - PUBLICATION, DISTRIBUTION, ETC.
Name of publisher, distributor, etc. Hermes science
Date of publication, distribution, etc. 2007
366 ## - TRADE AVAILABILITY INFORMATION
Publishers's discount category 25
300 ## - PHYSICAL DESCRIPTION
Extent 287
546 ## - LANGUAGE NOTE
Language note ENGLISH
-- PAMPHALETS
650 ## - SUBJECT ADDED ENTRY--TOPICAL TERM
Topical term or geographic name entry element Optimal filtering
654 ## - SUBJECT ADDED ENTRY--FACETED TOPICAL TERMS
Focus term stochastic
942 ## - ADDED ENTRY ELEMENTS (KOHA)
Koha item type BOOK
Holdings
Withdrawn status Lost status Damaged status Not for loan Collection Home library Current library Date acquired Source of acquisition Cost, normal purchase price Inventory number Total Checkouts Full call number Barcode Date last seen Cost, replacement price Price effective from Koha item type
        CRC Fr. Agnel's C.Rodrigues College of Engineering Fr. Agnel's C.Rodrigues College of Engineering 17/03/2023 Allied Publishers 821.25 2820 dt 19/02/2013   621.3822 BER 22565 17/03/2023 1095.00   BOOK